| 000 | 01967cam a22003977a 4500 | ||
|---|---|---|---|
| 001 | 15041378 | ||
| 005 | 20170105102353.0 | ||
| 008 | 071012s2008 nyu 001 0 eng | ||
| 010 | _a 2007939275 | ||
| 015 |
_aGBA777069 _2bnb |
||
| 016 | 7 |
_a014015794 _2Uk |
|
| 020 | _a9780387721972 (hbk.) | ||
| 020 | _a0387721975 (hbk.) | ||
| 035 | _a(OCoLC)ocn173498950 | ||
| 040 |
_aUKM _cUKM _dBTCTA _dYDXCP _dBAKER _dNLGGC _dCUS _dVRC _dCDN _dDLC |
||
| 042 | _alccopycat | ||
| 050 | 0 | 0 |
_aTK7895.S62 _bS64 2008 |
| 082 | 0 | 4 |
_a005.8 _222 |
| 084 |
_a54.62 _2bcl |
||
| 245 | 0 | 0 |
_aSmart cards, tokens, security and applications _cKeith E. Mayes and Konstantinos Markantonakis. |
| 260 |
_aNew York : _bSpringer, _cc2008. |
||
| 300 |
_axxxvii, 392 p. : _bill. ; _c24 cm. |
||
| 504 | _aIncludes bibliographical references and index. | ||
| 505 | 0 | _aPreface.- Introduction to Smart Cards.- Smart Cards.- Trusted Production Environment.- Operating systems, Interoperability and Security.- SIM/USIM Cards-Security for Mobile Telephony.- Smart Cards for Secure Banking and Finance.- Smart Cards in Satellite TV.- Advances in Smart Chips and Tokens for Platform and Application Security.- Common Criteria and Smart Cards.- Security Attacks, Countermeasures and Testing for Smart Cards.- Application Development Environments for JAVA and SIM Toolkit.- OTA and Secure SIM Lifecycle Management.- Index. | |
| 650 | 0 |
_aSmart cards _xSecurity measures. |
|
| 650 | 0 |
_aSmart cards _xAccess control. |
|
| 650 | 0 | _aComputer security. | |
| 650 | 1 | 7 |
_aChipkaart. _2gtt |
| 700 | 1 | _aMayes, Keith E. | |
| 700 | 1 | _aMarkantonakis, Konstantinos. | |
| 856 | 4 | 2 |
_3Publisher description _uhttp://www.loc.gov/catdir/enhancements/fy0825/2007939275-d.html |
| 856 | 4 | 1 |
_3Table of contents only _uhttp://www.loc.gov/catdir/enhancements/fy0825/2007939275-t.html |
| 906 |
_a7 _bcbc _ccopycat _d2 _encip _f20 _gy-gencatlg |
||
| 942 |
_2ddc _cBK |
||
| 999 |
_c12011 _d12011 |
||